Инженерия в полевой системе интердискурсивного взаимодействия; Современные проблемы языкознания, литературоведения, межкультурной коммуникации и лингводидактики

Bibliographic Details
Parent link:Современные проблемы языкознания, литературоведения, межкультурной коммуникации и лингводидактики.— 2016.— [С. 319-323]
Main Author: Болсуновская Л. М. Людмила Михайловна
Corporate Author: Национальный исследовательский Томский политехнический университет
Summary:Заглавие с экрана
Режим доступа: по договору с организацией-держателем ресурса
Language:Russian
Published: 2016
Subjects:
Online Access:http://elibrary.ru/item.asp?id=26034167
Format: Electronic Book Chapter
KOHA link:https://koha.lib.tpu.ru/cgi-bin/koha/opac-detail.pl?biblionumber=650222

MARC

LEADER 00000naa0a2200000 4500
001 650222
005 20250904111613.0
035 |a (RuTPU)RU\TPU\network\15427 
035 |a RU\TPU\network\15074 
090 |a 650222 
100 |a 20160923d2016 k y0rusy50 ca 
101 0 |a rus 
102 |a RU 
135 |a drcn ---uucaa 
181 0 |a i  
182 0 |a b 
200 1 |a Инженерия в полевой системе интердискурсивного взаимодействия  |f Л. М. Болсуновская 
203 |a Текст  |c электронный 
300 |a Заглавие с экрана 
320 |a [Библиогр.: с. 323 (4 назв.)] 
333 |a Режим доступа: по договору с организацией-держателем ресурса 
463 |t Современные проблемы языкознания, литературоведения, межкультурной коммуникации и лингводидактики  |o материалы II Международной научной конференции, г. Белгород, 20-21 апреля 2016 г.  |f Белгородский государственный национальный исследовательский университет (БелГУ)  |v [С. 319-323]  |d 2016 
610 1 |a электронный ресурс 
610 1 |a труды учёных ТПУ 
610 1 |a инженерный дискурс 
610 1 |a дискурс-анализ 
610 1 |a теория поля 
610 1 |a интердискурсивность 
700 1 |a Болсуновская  |b Л. М.  |c лингвист  |c доцент Томского политехнического университета, кандидат филологических наук  |f 1966-  |g Людмила Михайловна  |3 (RuTPU)RU\TPU\pers\26830  |9 12449 
712 0 2 |a Национальный исследовательский Томский политехнический университет  |c (2009- )  |9 26305 
801 2 |a RU  |b 63413507  |c 20160923  |g RCR 
850 |a 63413507 
856 4 |u http://elibrary.ru/item.asp?id=26034167 
942 |c CF